States of India by Muslim Population - Statistics

General Stats
  • This quiz has been taken 28 times
  • The average score is 11 of 28
Answer Stats
Population % State % Correct
200 mil 19.3 Uttar Pradesh
88%
91.3 mil 27 West Bengal
76%
31.2 mil 34.2 Assam
59%
104 mil 16.9 Bihar
59%
112 mil 11.5 Maharashtra
53%
33.4 mil 26.6 Kerala
47%
53.3 mil 7.3 Andhra Pradesh
41%
61.1 mil 12.9 Karnataka
41%
68.6 mil 9.1 Rajasthan
41%
72.1 mil 5.9 Tamil Nadu
41%
38.3 mil 12.6 Telangana
41%
60.4 mil 9.7 Gujarat
35%
33 mil 14.5 Jharkhand
35%
72.6 mil 6.6 Madhya Pradesh
35%
41.9 mil 2.2 Odisha
35%
25.5 mil 2 Chhattisgarh
29%
1.46 mil 8.3 Goa
29%
25.4 mil 7 Haryana
29%
6.86 mil 2.2 Himachal Pradesh
29%
27.7 mil 1.9 Punjab
29%
0.61 mil 1.6 Sikkim
29%
10.1 mil 13.9 Uttarakhand
29%
1.38 mil 2 Arunachal Pradesh
24%
2.85 mil 8.4 Manipur
24%
1.98 mil 2.5 Nagaland
24%
3.67 mil 8.6 Tripura
24%
2.97 mil 4.4 Meghalaya
18%
1.09 mil 1.4 Mizoram
18%
No matching quizzes found
Score Distribution
Percent of People with Each Score
Percentile by Number Answered
Your Score History
You have not taken this quiz